| 000 | 00751nam a2200193 i 4500 | ||
|---|---|---|---|
| 001 | 161047 | ||
| 003 | ES-MaACL | ||
| 005 | 20250901032930.0 | ||
| 008 | 021126s1885 sp |||| | spa d | ||
| 040 |
_aCCPB | B _bspa _cCCPB | B |
||
| 100 | 1 |
_aOrellano, J. Miguel. _987229 |
|
| 245 | 1 | 3 |
_aLa helenina en la profilaxis y tratamiento del cólera epidémico / _cpor J. Miguel Orellano y Buenaventura Baeza y Gozalbes. |
| 260 |
_aValencia : _bimprenta y librería de Ramón Ortega, _c1885. |
||
| 300 |
_a67 p. ; _c19 cm. |
||
| 650 | 7 |
_aCólera _2embne _911143 |
|
| 700 | 0 |
_aBaeza y Gozalbes, Buenaventura. _924625 |
|
| 852 |
_aES-MaACL _jT-371-F-6 _z-- Enc. hol. _q-- Falto de la cub. original _z-- Enc. en un vol. facticio |
||
| 999 |
_c161047 _d161047 |
||